| 000 | 00529nam a2200157Ia 4500 | ||
|---|---|---|---|
| 008 | 170221s9999 xx 000 0 und d | ||
| 100 | _aK. Hashim L. | ||
| 245 | _aPerceptions of Social Media Impact on Social Behavior of Students: A Comparison between Arts and Science Faculty | ||
| 245 | _cK. Hashim L., Al-Sharqi I. Kutbi. | ||
| 260 | _bOnline Journal of Communication and Media Technologies | ||
| 260 | _c2016 | ||
| 300 | _a6 : 4 | ||
| 650 | _xCommunication | ||
| 650 | _xMedia Arts | ||
| 856 | _uhttp://www.ojcmt.net/ | ||
| 999 |
_c306863 _d306863 |
||